Émotions de Vice-versa - Statistiques

Statistiques générales
  • Ce quiz a été pris 69 000 fois
    51 181 depuis la dernière actualisation
  • Le résultat moyen est 8 sur 10
Statistiques - réponses
Couleur Emotion % Correct
Rouge Colère
99%
Jaune Joie
98%
Bleu Tristesse
96%
Violet Peur
93%
Vert Dégoût
91%
Orange Anxiété
79%
Indigo Ennui
60%
Turquoise Envie
57%
Rose Embarras
46%
Gris Nostalgie
45%
Aucun quiz correspondant
Distribution des résultats
% des personnes avec chaque résultat
Percentile par nombre de réponses
Votre historique - résultats
Vous n’avez pas pris ce quiz depuis la dernière actualisation